Normal view
MARC view
- Emming, J. G. (Ed.)
Entry Personal Name
001 - CONTROL NUMBER
- control field: 8531
003 - CONTROL NUMBER IDENTIFIER
- control field: NUST
005 - DATE AND TIME OF LATEST TRANSACTION
- control field: 20180117112641.0
008 - FIXED-LENGTH DATA ELEMENTS
- fixed length control field: 180117|| aca||aabn | a|a d
040 ## - CATALOGING SOURCE
- Original cataloging agency: NUST
- Transcribing agency: NUST
100 ## - HEADING--PERSONAL NAME
- Personal name: Emming, J. G. (Ed.)
670 ## - SOURCE DATA FOUND
- Source citation: Work cat.: (NUST)28784: Emming, J. G. (Ed.), Electromagnetic radiation in space. proceedings of the third esro summer school in space physics, held in alpach, austria, from 19 july to 13 august, 1965.. /, 1967.
